Statistics for NBA: Grizzlies Scoring Leader Every Season

Click here to take the quiz!

General Stats

  • This quiz has been taken 23 times
  • The average score is 21 of 28

Answer Stats

SeasonPPGPositionAnswer% Correct
202326.2GJa Morant
100%
202227.4GJa Morant
100%
202119.1GJa Morant
100%
202017.8GJa Morant
100%
200319.0FPau Gasol
95%
200417.7FPau Gasol
95%
200517.8FPau Gasol
95%
200620.4FPau Gasol
95%
200720.8CPau Gasol
95%
200217.6FPau Gasol
95%
201517.4CMarc Gasol
90%
201616.6CMarc Gasol
90%
201720.5GMike Conley
90%
201921.1GMike Conley
90%
201120.1FZach Randolph
80%
201020.8FZach Randolph
80%
201417.4FZach Randolph
80%
199822.3FShareef Abdur-Rahim
65%
200120.5FShareef Abdur-Rahim
65%
200020.3FShareef Abdur-Rahim
65%
199718.7FShareef Abdur-Rahim
65%
199923.0FShareef Abdur-Rahim
65%
200918.9FRudy Gay
50%
200820.1FRudy Gay
50%
201219.0FRudy Gay
50%
201317.2FRudy Gay
50%
199614.0GGreg Anthony
20%
201819.4GTyreke Evans
15%

Score Distribution

Percentile by Number Answered

Percent of People with Each Score

Your Score History

You have not taken this quiz